Clickable Counties of Virginia Quiz Stats

 Plays Quiz not verified by Sporcle

Support Sporcle.
Go Orange.
Score 0/95 Timer 10:00
0 Plays Today
% Correct
Accomack
96.7%
Albemarle
93.3%
Carroll
93.3%
Alleghany
90%
Appomattox
90%
Caroline
90%
Cumberland
90%
Dinwiddie
90%
Amelia
86.7%
Amherst
86.7%
Augusta
86.7%
Brunswick
86.7%
Buchanan
86.7%
Clarke
86.7%
Fauquier
86.7%
Gloucester
86.7%
King George
86.7%
King William
86.7%
Arlington
83.3%
Bath
83.3%
Bedford
83.3%
Botetourt
83.3%
Charles City
83.3%
Culpeper
83.3%
Fluvanna
83.3%
Frederick
83.3%
Goochland
83.3%
Greene
83.3%
Hanover
83.3%
King and Queen
83.3%
Loudoun
83.3%
Louisa
83.3%
% Correct
Northampton
83.3%
Bland
80%
Buckingham
80%
Campbell
80%
Charlotte
80%
Chesterfield
80%
Essex
80%
Fairfax
80%
Floyd
80%
Franklin
80%
Grayson
80%
Halifax
80%
Henrico
80%
Henry
80%
Isle of Wight
80%
James City
80%
Lancaster
80%
Lee
80%
Mathews
80%
Mecklenburg
80%
Orange
80%
Prince Edward
80%
Prince George
80%
Prince William
80%
Rappahannock
80%
Rockingham
80%
Dickenson
76.7%
Giles
76.7%
Highland
76.7%
Pittsylvania
76.7%
Powhatan
76.7%
Richmond
76.7%
% Correct
Roanoke
76.7%
Russell
76.7%
Southampton
76.7%
Lunenburg
73.3%
Montgomery
73.3%
Nelson
73.3%
New Kent
73.3%
Northumberland
73.3%
Rockbridge
73.3%
Scott
73.3%
Spotsylvania
73.3%
Surry
73.3%
Sussex
73.3%
Craig
70%
Madison
70%
Nottoway
70%
Page
70%
Pulaski
70%
Shenandoah
70%
Stafford
70%
Middlesex
66.7%
Patrick
66.7%
Smyth
66.7%
Tazewell
66.7%
Wise
66.7%
Wythe
66.7%
Warren
63.3%
Washington
63.3%
York
63.3%
Greensville
60%
Westmoreland
56.7%

You're not logged in!

Compare scores with friends on all Sporcle quizzes.
OR
Log In

From the Vault

TV Shows by Pilot Episode

by HarryPotter14

Every great TV show had to start somewhere.
Remove Ads.
Support Sporcle.
Get the best of Sporcle when you Go Orange. This ad-free experience offers more features, more stats, and more fun while also helping to support Sporcle. Thank you for becoming a member.

Show Comments

Extras

Top Quizzes Today


Score Distribution

Your Account Isn't Verified!

In order to create a playlist on Sporcle, you need to verify the email address you used during registration. Go to your Sporcle Settings to finish the process.

Report this User

Report this user for behavior that violates our Community Guidelines.

Details: